000 00908nam a2200217Ia 4500
003 PE SENCICO BE
005 20251020182538.0
008 200515s9999 xx 000 0 und d
040 _aPE SENCICO BE
_cPE SENCICO BE
082 _a728(083.9)
_bP85
110 1 _aProyecto Experimental de Vivienda Previ
245 0 _aPrevi resultados y conclusiones 20 años después /
_cProyecto Especial de Vivienda Previ
260 _aLima
260 _c1988
300 _a40 p.:
_bil., diagrs.;
_c30 cm.
520 _aEsta exposición de PREVI, a los 20 años de su nacimiento pretende mostrar una síntesis de las numerosas soluciones técnicas que este proyecto planteó, a todos aquellos interesados en el mejoramiento de las condiciones habitacionales existentes
650 1 4 _aVIVIENDAS
650 2 0 _aDiseño de estructuras
_916
650 2 0 _aUrbanismo
_978
942 _cLIB
_2ddc
_h728(083.9)
_iP85
999 _c2310
_d2310